Guess football rivalries by image - Statistics

General Stats
  • This quiz has been taken 15 times
  • The average score is 23 of 52
Answer Stats
Picture Answer % Correct
Inter Milan v AC Milan
92%
Juventus v AC Milan
92%
Juventus v Napoli
92%
Roma v Lazio
92%
Roma v Napoli
92%
Arsenal v Chelsea
83%
Juventus v Fiorentina
83%
Juventus v Inter Milan
83%
Juventus v Torino
83%
Liverpool v Everton
83%
Manchester United v Liverpool
83%
Manchester United v Manchester City
83%
Sampdoria v Genoa
67%
Liverpool v Manchester City
58%
Bayern Munich v Borussia Dortmund
50%
Borussia Dortmund v Schalke 04
50%
Chelsea v Fulham
50%
Real Madrid v Atlético Madrid
50%
Real Madrid v Barcelona
50%
Sheffield United v Sheffield Wednesday
50%
Aston Villa v Birmingham City
42%
Atalanta v Brescia
42%
Newcastle United v Sunderland
42%
Nottingham Forest v Derby County
42%
Sevilla v Real Betis
42%
Southampton v Portsmouth
42%
Ajax v Feyenoord
33%
Barcelona v Espanyol
33%
Benfica v Porto
33%
Benfica v Sporting Lisbon
33%
Boca Juniors v River Plate
33%
Borussia Mönchengladbach v Köln
33%
Celtic v Rangers
33%
Hertha Berlin v Union Berlin
33%
La Coruña v Celta Vigo
33%
Valencia v Levante
33%
Ajax v PSV
25%
Athletic Bilbao v Real Sociedad
25%
Galatasaray v Besiktas
25%
Galatasaray v Fenerbahçe
25%
Gremio v Internacional
25%
West Ham v Millwall
25%
Anderlecht v Club Brugge
17%
Anderlecht v Standard Liege
17%
Corinthians v Palmeiras
17%
Flamengo v Fluminense
17%
Nice v Monaco
17%
Olympiacos v Panathinaikos
17%
Peñarol v Nacional
17%
Red Star v Partizan
17%
Independiente v Racing Club
8%
Marseille v Paris Saint-Germain
0%
No matching quizzes found
Score Distribution
Percent of People with Each Score
Percentile by Number Answered
Your Score History
You have not taken this quiz